[Event "Druzynowe Mistrzostwa Polski - II liga"]
[Site "Sypniewo k. Jastrowia"]
[Date "1899-12-30"]
[Round "8.15"]
[White "Dzikowski, Michal"]
[Black "Solnicki, Michal"]
[Result "1-0"]
[WhiteTitle "k"]
[BlackTitle "k"]
[WhiteElo "2120"]
[BlackElo "2166"]

1. d4 Nf6 2. Nf3 e6 3. g3 d5 4. Bg2 b5 5. a4 b4 6. c4 bxc3 7. Nxc3 Be7 8. O-O O-O
9. Ne5 Ba6 10. Re1 c6 11. Rb1 Nfd7 12. Nd3 Bxd3 13. Qxd3 a5 14. e4 Na6 15. Bf4
Nb6 16. b3 Nb4 17. Qe2 Rc8 18. exd5 N6xd5 19. Nxd5 cxd5 20. Rec1 Qb6 21. Be3 Bf6
22. Qd2 Nc6 23. Rd1 Qb4 24. Qd3 Rb8 25. Bf1 Rb6 26. Rbc1 Qe7 27. Qc2 Qb7 28. Qc5
Be7 29. Qc3 Bb4 30. Qc2 Ba3 31. Ra1 Bd6 32. Bb5 Na7 33. Bd3 Rc8 34. Qe2 Rxb3 35.
Ba6 Qb6 36. Bxc8 Nxc8 37. Rdc1 Ne7 38. Qc2 Rb2 39. Rcb1 Rxb1+ 40. Rxb1 Bb4 41.
Rc1 f6 42. Qd3 Qd6 43. Qb5 Kf7 44. Bf4 Qd8 45. Qb7 g5 46. Bb8 Kg6 47. Ba7 Nf5
48. Rc7 Nd6 49. Rg7+ Kf5 50. Qa6 Qc8 51. Qd3+ Ne4 52. Qf3# 1-0

[Event "Druzynowe Mistrzostwa Polski - II liga"]
[Site "Sypniewo k. Jastrowia"]
[Date "1899-12-30"]
[Round "8.16"]
[White "Zysko, Jan"]
[Black "Suliborski, Jakub"]
[Result "1-0"]
[WhiteTitle "k"]
[BlackTitle "k"]
[WhiteElo "2080"]
[BlackElo "2159"]

1. e4 e5 2. Nf3 Nc6 3. Bb5 a6 4. Ba4 Nf6 5. d3 d6 6. c3 Be7 7. O-O O-O 8. Re1 b5
9. Bc2 d5 10. d4 exd4 11. e5 Ne4 12. Nxd4 Nxe5 13. f3 c5 14. fxe4 cxd4 15. exd5
Ng4 16. cxd4 Bd6 17. g3 Qc7 18. Qd3 g6 19. Qc3 Qb6 20. Nd2 Bb7 21. Bb3 a5 22.
a3 h5 23. Nf3 b4 24. Qd3 a4 25. Bc4 Rac8 26. Bg5 Qc7 27. Nd2 Qb6 28. Nf3 Rxc4
29. Qxc4 Rc8 30. Qd3 Bxd5 31. h3 Bxf3 32. Qxf3 Qxd4+ 33. Kh1 Ne5 34. Qe3 Qd5+
35. Qe4 Qxe4+ 36. Rxe4 Nf3 37. Rc1 Rb8 38. Bf6 bxa3 39. bxa3 Bxa3 40. Rd1 Bb2
41. Rb4 Bxf6 42. Rxb8+ Kg7 43. Ra8 Ng5 44. Kg2 Ne4 45. Rd7 Nc5 46. Rc7 Ne6 47.
Rc4 h4 48. gxh4 Nd4 49. Raxa4 Nf5 50. Kf3 Kh6 51. Rc7 Kg7 52. Raa7 Nh6 53. Kg3
Nf5+ 54. Kf4 Nh6 55. h5 gxh5 56. Ra6 Ng8 57. Rc5 h4 58. Rf5 Bd8 59. Rb5 Nh6 60.
Rd5 Be7 61. Rh5 Ng8 62. Kf5 Bf6 63. Rxf6 Nxf6 64. Rg5+ 1-0

[Event "Druzynowe Mistrzostwa Polski - II liga"]
[Site "Sypniewo k. Jastrowia"]
[Date "1899-12-30"]
[Round "8.17"]
[White "Stelmaszuk, Maciej"]
[Black "Gluszko, Monika"]
[Result "1/2-1/2"]
[WhiteTitle "I+"]
[BlackTitle "k"]
[WhiteElo "2004"]
[BlackElo "1916"]

1. Nf3 d5 2. c4 Nf6 3. cxd5 Nxd5 4. d4 g6 5. e4 Nb6 6. Nc3 Bg7 7. h3 O-O 8. Be3
c6 9. Be2 Be6 10. b3 c5 11. Rc1 cxd4 12. Nxd4 Bd7 13. O-O Nc6 14. f4 Nxd4 15.
Bxd4 Bc6 16. Bxg7 Kxg7 17. Qxd8 Rfxd8 18. Rfd1 a5 19. Kf2 Rac8 20. g4 Rxd1 21.
Rxd1 a4 22. bxa4 Nxa4 23. Nxa4 Bxa4 24. Rd4 Bc6 25. Bc4 e5 26. fxe5 Re8 27. Bd5
Rxe5 28. Bxc6 bxc6 29. Rc4 Ra5 30. a4 Kf8 31. h4 1/2-1/2

[Event "Druzynowe Mistrzostwa Polski - II liga"]
[Site "Sypniewo k. Jastrowia"]
[Date "1899-12-30"]
[Round "8.18"]
[White "Kaniak, Monika"]
[Black "Owczarek, Monika"]
[Result "1-0"]
[WhiteTitle "k"]
[BlackTitle "I"]
[WhiteElo "1830"]
[BlackElo "1514"]

1. d4 Nf6 2. c4 c5 3. Nf3 cxd4 4. Nxd4 g6 5. Nc3 Bg7 6. g3 Nc6 7. Bg2 O-O 8. O-O
Nxd4 9. Qxd4 d6 10. e4 Ng4 11. Qd2 Ne5 12. b3 Bd7 13. Bb2 Bc6 14. Rad1 Qb6 15.
Qe2 Rfe8 16. Kh1 Rad8 17. Nd5 Bxd5 18. exd5 Nd7 19. Bxg7 Kxg7 20. f4 a5 21. Rd3
Qc7 22. Re3 Nc5 23. f5 f6 24. fxg6 hxg6 25. Re1 Kf7 26. Bh3 Rb8 27. g4 g5 28.
a3 Na6 29. Bg2 b6 30. Be4 Rh8 31. Bb1 Rbe8 32. Qd3 Nc5 33. Qg6+ Kf8 34. Bf5 Rg8
35. Qh6+ Rg7 36. b4 axb4 37. axb4 Kf7 38. bxc5 bxc5 39. Be6+ 1-0

[Event "Druzynowe Mistrzostwa Polski - II liga"]
[Site "Sypniewo k. Jastrowia"]
[Date "1899-12-30"]
[Round "8.19"]
[White "Szymanski, Piotr"]
[Black "Stysiak, Szymon"]
[Result "1/2-1/2"]
[WhiteTitle "CM"]
[BlackTitle "k"]
[WhiteElo "2219"]
[BlackElo "2193"]

1. d4 Nf6 2. Nf3 e6 3. c4 b6 4. g3 Bb7 5. Bg2 Bb4+ 6. Bd2 Bxd2+ 7. Nbxd2 O-O 8.
Qc2 c5 9. dxc5 bxc5 10. O-O Qc7 1/2-1/2

[Event "Druzynowe Mistrzostwa Polski - II liga"]
[Site "Sypniewo k. Jastrowia"]
[Date "1899-12-30"]
[Round "8.20"]
[White "Stanisz, Patryk"]
[Black "Najbar, Marcin"]
[Result "1/2-1/2"]
[WhiteTitle "k"]
[BlackTitle "k++"]
[WhiteElo "2138"]
[BlackElo "2246"]

1. d4 c5 2. d5 d6 3. c4 g6 4. e4 Nf6 5. Nc3 Bg7 6. Nge2 O-O 7. Ng3 e6 8. Be2 exd5
9. cxd5 a6 10. a4 Nbd7 11. O-O Rb8 12. h3 Ne8 13. Bf4 Ne5 14. Be3 Nc7 15. f4 Nd7
16. e5 dxe5 17. f5 b6 18. d6 Ne8 19. Nce4 Ndf6 20. fxg6 fxg6 21. Qb3+ Kh8 22.
Rad1 Bb7 23. Ng5 Bc6 24. d7 Bxd7 25. Nf7+ Rxf7 26. Qxf7 Qc8 27. Bg5 Be6 28. Qe7
Bd7 29. Qf7 1/2-1/2

[Event "Druzynowe Mistrzostwa Polski - II liga"]
[Site "Sypniewo k. Jastrowia"]
[Date "1899-12-30"]
[Round "8.21"]
[White "Krzywda, Andrzej"]
[Black "Kaminski, Piotr"]
[Result "1-0"]
[WhiteTitle "CM"]
[BlackTitle "k"]
[WhiteElo "2076"]
[BlackElo "2109"]

1. e4 c6 2. d4 d5 3. exd5 cxd5 4. Bd3 Nc6 5. c3 Qc7 6. Ne2 Bg4 7. O-O e6 8. Qe1
Bxe2 9. Qxe2 Bd6 10. g3 Nf6 11. Nd2 g5 12. Nb3 Rg8 13. Bd2 h5 14. c4 dxc4 15.
Bxc4 O-O-O 16. Rac1 Kb8 17. Bb5 Rc8 18. Bxc6 bxc6 19. Na5 Qd7 20. Qa6 c5 21. Nc4
Ne4 22. Nxd6 Nxd2 23. Nxc8 Rxc8 24. Rxc5 Rxc5 25. dxc5 Nf3+ 26. Kg2 Qd5 27. Qd6+
1-0

[Event "Druzynowe Mistrzostwa Polski - II liga"]
[Site "Sypniewo k. Jastrowia"]
[Date "1899-12-30"]
[Round "8.22"]
[White "Szmyd, Arkadiusz"]
[Black "Chojnacki, Slawomir"]
[Result "0-1"]
[WhiteTitle "k"]
[BlackTitle "CM"]
[WhiteElo "2083"]
[BlackElo "2150"]

1. e4 g6 2. d4 Bg7 3. f4 d5 4. e5 Bf5 5. Nf3 Nh6 6. Be3 O-O 7. h3 f6 8. g4 Be4
9. Bg2 fxe5 10. fxe5 c5 11. c3 Qb6 12. b3 cxd4 13. cxd4 Nc6 14. O-O Nxe5 15. Nxe5
Bxe5 16. Rxf8+ Rxf8 17. Bxe4 dxe4 18. Nc3 Bg7 19. Qd2 Rf3 20. Kg2 Nxg4 21. Bg1
Rd3 22. Qe2 Rxc3 23. Qxg4 Qc6 24. Rd1 Rc2+ 25. Kf1 Rxa2 26. Be3 h5 0-1

[Event "Druzynowe Mistrzostwa Polski - II liga"]
[Site "Sypniewo k. Jastrowia"]
[Date "1899-12-30"]
[Round "8.23"]
[White "Sroka, Janusz"]
[Black "Boruta, Dawid"]
[Result "1-0"]
[WhiteTitle "k"]
[BlackTitle "I"]
[WhiteElo "1912"]
[BlackElo "1880"]

1. e4 c6 2. d4 d5 3. f3 e6 4. Nc3 Bb4 5. a3 Bxc3+ 6. bxc3 dxe4 7. Qe2 exf3 8. Nxf3
Nf6 9. Qe5 Qd5 10. Qg3 Qe4+ 11. Kd1 Qg4 12. Qe1 O-O 13. h3 Qe4 14. Qf2 c5 15.
Bd3 Qd5 16. c4 Qd6 17. Qh4 Nbd7 18. Bf4 Qb6 19. Ne5 Qb2 20. Ke2 Qxd4 21. Nf3 Qc3
22. Bd2 1-0

[Event "Druzynowe Mistrzostwa Polski - II liga"]
[Site "Sypniewo k. Jastrowia"]
[Date "1899-12-30"]
[Round "8.24"]
[White "Gonsior, Monika"]
[Black "Cyboran, Katarzyna"]
[Result "1/2-1/2"]
[WhiteTitle "m"]
[BlackTitle "I++"]
[WhiteElo "1971"]
[BlackElo "1773"]

1. e4 e6 2. d4 d5 3. Nc3 Bb4 4. exd5 exd5 5. Bd3 Nf6 6. Bg5 O-O 7. Ne2 h6 8. Bh4
c6 9. O-O Bd6 10. f4 b5 11. a3 Nbd7 12. Kh1 Qb6 13. Ng3 Re8 14. Rf3 a5 15. Nce2
b4 16. axb4 Qxb4 17. c3 Qb6 18. Qc2 Ba6 19. Nf5 Bxd3 20. Rxd3 Bf8 21. Ng1 Rab8
22. Rd2 Ne4 23. Re2 Qc7 24. Rf1 Nb6 25. Ne3 Bd6 26. Nh3 Be7 27. Be1 Nd6 28. Ng4
Nbc4 29. b3 Na3 30. Qa2 Ne4 31. f5 Nb5 32. Rxe4 dxe4 33. f6 h5 34. fxe7 hxg4 35.
Bg3 Qxe7 36. Bxb8 gxh3 37. Be5 f6 38. Bf4 Nxc3 39. Qc2 Nd5 40. gxh3 e3 41. Bg3
Qe4+ 42. Qg2 Qxd4 43. Be1 e2 44. Rg1 f5 45. Bxa5 Re6 46. Bd2 g6 47. Qg5 Qe4+ 48.
Qg2 Qd3 49. Qg5 Qe4+ 50. Qg2 Qe5 51. Qf3 Ne3 52. Bxe3 Qxe3 53. Rxg6+ Kf7 54. Qxf5+
Ke7 55. Rg7+ Kd6 56. Qf8+ Kd5 57. Rd7+ Ke5 58. Qh8+ Ke4 59. Qh7+ Ke5 60. Qh5+
Ke4 61. Qg4+ Ke5 62. Qh5+ Ke4 63. Qg4+ 1/2-1/2

[Event "Druzynowe Mistrzostwa Polski - II liga"]
[Site "Sypniewo k. Jastrowia"]
[Date "1899-12-30"]
[Round "8.25"]
[White "Stoma, Pawel"]
[Black "Kozlowski, Michal"]
[Result "1/2-1/2"]
[WhiteTitle "m"]
[BlackTitle "I++"]
[WhiteElo "2328"]
[BlackElo "2032"]

1. d4 Nf6 2. Nf3 d5 3. Bf4 c5 4. c3 Nc6 5. a3 c4 6. Nbd2 Bf5 7. h3 h6 8. e3 e6
9. Be2 Bd6 10. Bxd6 Qxd6 11. O-O O-O 12. Qc1 b5 13. Re1 a5 14. Bd1 b4 15. Bc2
Bxc2 16. Qxc2 bxc3 17. bxc3 Rab8 18. e4 Nd7 19. e5 Qe7 20. Nh2 Rb6 21. Re3 Rfb8
22. Nhf1 f5 23. exf6 Qxf6 24. Qa4 e5 25. Nxc4 dxc4 26. d5 Nd4 27. Qxd7 Rb2 28.
Kh1 1/2-1/2

[Event "Druzynowe Mistrzostwa Polski - II liga"]
[Site "Sypniewo k. Jastrowia"]
[Date "1899-12-30"]
[Round "8.26"]
[White "Kitewski, Bartosz"]
[Black "Miroslaw, Michal"]
[Result "1/2-1/2"]
[WhiteTitle "I"]
[BlackTitle "FM"]
[WhiteElo "1807"]
[BlackElo "2269"]

1. d4 d6 2. c4 e5 3. d5 f5 4. Nc3 Nf6 5. Nf3 g6 6. g3 Bg7 7. Bg2 O-O 8. O-O a5
9. Bd2 e4 10. Ne1 Nbd7 11. Rc1 Ng4 12. Nc2 Nc5 13. b3 Qe7 14. h3 Ne5 15. Nb5 g5
16. Be3 f4 17. Bxc5 dxc5 18. d6 cxd6 19. Qd5+ Nf7 20. Rfd1 fxg3 21. fxg3 Qe5 22.
Nxd6 Be6 23. Qxe5 Bxe5 24. Nxe4 b6 25. g4 Ra7 26. Rf1 Kg7 27. Rcd1 a4 28. e3 axb3
29. axb3 Ra2 30. Ne1 Rb2 31. Nd3 Rxb3 32. Rxf7+ Rxf7 33. Nxe5 Ra7 34. Rd6 Bc8
35. Ng3 Re7 36. Nh5+ Kf8 37. Nc6 Rexe3 38. Bd5 Rb2 39. Rf6+ Ke8 40. Ng7+ Kd7 41.
Rf7+ Kd6 42. Kf1 b5 43. Na7 bxc4 44. Bxc4 Bd7 45. Nb5+ Rxb5 46. Rxd7+ Kxd7 47.
Bxb5+ Kc7 48. Bc4 Rc3 49. Bg8 Rxh3 50. Ne6+ Kc6 51. Nxg5 Rg3 52. Bxh7 Rxg4 53.
Nf3 Kb5 54. Ne5 Rg7 55. Bd3+ Kb4 56. Be2 Kc3 57. Ke1 Rg1+ 58. Bf1 Rg5 59. Nc4
Rg4 60. Ne3 Re4 61. Kf2 Re5 62. Be2 Re8 63. Bb5 Rb8 64. Be2 Re8 65. Bb5 Rf8+ 66.
Ke2 Rb8 67. Ba6 Rb2+ 68. Kf3 Ra2 69. Bc4 Ra3 70. Ke4 Ra8 71. Nd5+ Kd2 72. Nc7
Ra4 73. Kd5 Rxc4 74. Kxc4 1/2-1/2

[Event "Druzynowe Mistrzostwa Polski - II liga"]
[Site "Sypniewo k. Jastrowia"]
[Date "1899-12-30"]
[Round "8.27"]
[White "Panas, Pawel"]
[Black "Slawinski, Miroslaw"]
[Result "1/2-1/2"]
[WhiteTitle "k"]
[BlackTitle "k"]
[WhiteElo "2158"]
[BlackElo "2035"]

1. Nf3 Nf6 2. g3 g6 3. Bg2 Bg7 4. O-O O-O 5. c4 d6 6. d4 Nc6 7. d5 Na5 8. Nfd2
c5 9. Nc3 a6 10. Qc2 Rb8 11. b3 b5 12. Bb2 Bd7 13. Rae1 bxc4 14. bxc4 Rb4 1/2-1/2

[Event "Druzynowe Mistrzostwa Polski - II liga"]
[Site "Sypniewo k. Jastrowia"]
[Date "1899-12-30"]
[Round "8.28"]
[White "Strepikowski, Pawel"]
[Black "Polkowski, Piotr"]
[Result "0-1"]
[WhiteTitle "I"]
[BlackTitle "k"]
[WhiteElo "1773"]
[BlackElo "2153"]

1. e4 e5 2. Nf3 Nc6 3. Bb5 Nf6 4. O-O Be7 5. Re1 d6 6. c3 O-O 7. h3 Bd7 8. d4 Nxd4
9. Nxd4 exd4 10. Bxd7 Qxd7 11. cxd4 d5 12. e5 Ne8 13. Nc3 c6 14. f4 Nc7 15. Be3
f5 16. g4 Ne6 17. Qf3 g6 18. g5 h5 19. gxh6 Kf7 20. Kg2 Rh8 21. a3 Rxh6 22. b4
Rah8 23. Rh1 Rh4 24. b5 g5 25. fxg5 f4 26. bxc6 bxc6 27. Qf1 Ke8 28. Bf2 R4h5
29. Qd3 Nxg5 30. Rab1 Kf7 31. h4 Qg4+ 32. Kf1 Nf3 33. e6+ Kf6 34. Qe2 Rg8 35.
Rb7 Qg2# 0-1

[Event "Druzynowe Mistrzostwa Polski - II liga"]
[Site "Sypniewo k. Jastrowia"]
[Date "1899-12-30"]
[Round "8.29"]
[White "Maka, Marcin"]
[Black "Taranowicz, Michal"]
[Result "1-0"]
[WhiteTitle "k"]
[BlackTitle "I+"]
[WhiteElo "2086"]
[BlackElo "1855"]

1. e4 d6 2. d4 Nf6 3. Nc3 g6 4. h3 Bg7 5. g4 O-O 6. Bg2 e5 7. Nge2 Nbd7 8. Be3
exd4 9. Bxd4 c5 10. Be3 Ne5 11. g5 Ne8 12. f4 Nc4 13. Bc1 Qa5 14. Qd3 Nb6 15.
Bd2 c4 16. Qg3 Qb4 17. a3 Qc5 18. Be3 Qa5 19. Kf2 f5 20. Nd4 fxe4 21. Bxe4 d5
22. Bf3 Nd6 23. Rad1 Bd7 24. Qg2 Bc6 25. Ne6 Rf5 26. Nxg7 Kxg7 27. Ne2 Re8 28.
Nd4 Rff8 29. Rhe1 a6 30. Kg1 Rxf4 31. Qf2 Ne4 32. Qh2 Rf7 33. Bg4 Bd7 34. Ne6+
Bxe6 35. Qe5+ Kf8 36. Bxe6 Nd7 37. Qxd5 Qxd5 38. Bxd5 Rf3 39. Rf1 Rf5 40. Bxb7
Nec5 41. Bf4 Nxb7 42. Rxd7 Re7 43. Rd4 c3 44. bxc3 Ke8 45. h4 Re2 46. Rf2 Re1+
47. Kg2 Nc5 48. Bg3 Re3 49. Rc4 Ne4 50. Bf4 Re1 51. Rf3 Ke7 52. Re3 Rxe3 53. Bxe3
Nd6 54. Ra4 a5 55. Bb6 Nb7 56. Rc4 Nd6 57. Rc7+ Ke6 58. Rxh7 Rb5 59. Bd8 Rb2 60.
Bxa5 Kf5 61. Kf3 Rxc2 62. Bb4 Nc4 63. Rf7+ Ke6 64. Rf6+ Kd5 65. Kf4 Rh2 66. Kg3
Rc2 67. Rxg6 Nxa3 68. Bxa3 Rxc3+ 69. Kg4 Rxa3 70. Rf6 1-0

[Event "Druzynowe Mistrzostwa Polski - II liga"]
[Site "Sypniewo k. Jastrowia"]
[Date "1899-12-30"]
[Round "8.30"]
[White "Zarebska, Lena"]
[Black "Horbacz, Agata"]
[Result "1-0"]
[WhiteTitle "k"]
[BlackTitle "k+"]
[WhiteElo "1910"]
[BlackElo "1746"]

1. e4 c5 2. Nf3 d6 3. d4 cxd4 4. Nxd4 Nf6 5. Nc3 g6 6. Be3 Bg7 7. f3 O-O 8. Qd2
Nc6 9. O-O-O d5 10. exd5 Nxd5 11. Nxc6 bxc6 12. Bd4 Bxd4 13. Qxd4 Qb6 14. Na4
Qa5 15. b3 Be6 16. Bc4 Rfd8 17. Qe5 Qb4 18. h4 Qa3+ 19. Qb2 Qxb2+ 20. Nxb2 Nc3
21. Rxd8+ Rxd8 22. Bxe6 Nxa2+ 23. Kb1 Nc3+ 24. Kc1 fxe6 25. Nd3 Nb5 26. Kb2 Kg7
27. Re1 Kf6 28. Nc5 Nc7 29. Ra1 Ra8 30. Ra5 Nd5 31. Ne4+ Kg7 32. Ng5 e5 33. c4
Nf4 34. g3 Nd3+ 35. Kc3 h6 36. Kxd3 hxg5 37. hxg5 Rd8+ 38. Ke4 Rd7 39. Rxe5 Kf7
40. Ra5 Ke6 41. g4 Rb7 42. f4 Rxb3 43. f5+ Kf7 44. Rxa7 Rb1 45. f6 Rg1 46. Rxe7+
Kf8 1-0

[Event "Druzynowe Mistrzostwa Polski - II liga"]
[Site "Sypniewo k. Jastrowia"]
[Date "1899-12-30"]
[Round "8.31"]
[White "Piesik, Piotr"]
[Black "Murdzia, Piotr"]
[Result "1/2-1/2"]
[WhiteTitle "IM"]
[BlackTitle "IM"]
[WhiteElo "2404"]
[BlackElo "2425"]

1. d4 Nf6 2. c4 e6 3. Nc3 Bb4 4. f3 c5 5. d5 O-O 6. e4 b5 7. e5 Ne8 8. f4 exd5
9. cxd5 d6 10. Nf3 c4 11. a4 Nd7 12. Be2 Qb6 13. axb5 Nc7 14. Ra4 a5 15. bxa6
Bxa6 16. Rxb4 Qxb4 17. O-O Qc5+ 18. Kh1 dxe5 19. Nxe5 Nf6 20. Bf3 Bb7 21. Ne4
Nxe4 22. Bxe4 f5 23. Nd7 Qe7 24. Nxf8 Qxe4 25. Re1 Qxd5 26. Qxd5+ Nxd5 27. Ne6
1/2-1/2

[Event "Druzynowe Mistrzostwa Polski - II liga"]
[Site "Sypniewo k. Jastrowia"]
[Date "1899-12-30"]
[Round "8.32"]
[White "Brzezinski, Mateusz"]
[Black "Klepek, Witold"]
[Result "1-0"]
[WhiteTitle "k"]
[BlackTitle "k++"]
[WhiteElo "2189"]
[BlackElo "2103"]

1. d4 d5 2. c4 e6 3. Nf3 Nf6 4. Nc3 Bb4 5. cxd5 exd5 6. Bg5 h6 7. Bh4 O-O 8. e3
Bf5 9. Bd3 Bxd3 10. Qxd3 Nbd7 11. O-O c6 12. a3 Bd6 13. b4 a6 14. Na4 Qe8 15.
Nc5 Ra7 16. Nd2 b6 17. Nxd7 Nxd7 18. Rfc1 Qe6 19. f4 Rc8 20. f5 Qe8 21. e4 c5
22. e5 Bb8 23. Re1 cxd4 24. e6 Ne5 25. Qxd4 fxe6 26. Bg3 Nc6 27. Qd3 e5 28. Qxd5+
Qf7 29. Qe4 Nd4 30. Bxe5 Bxe5 31. Qxe5 Nc2 32. Rac1 Rac7 33. Rf1 Rc6 34. Qe4 Nxb4
35. Rxc6 Nxc6 36. f6 g6 37. Nc4 Qf8 38. Nd6 Rc7 39. Qxg6+ Kh8 40. f7 Nd8 41. Qf6+
Kh7 42. Qxd8 Qxd8 43. f8=Q Qxf8 44. Rxf8 Rc3 45. Rf3 1-0

[Event "Druzynowe Mistrzostwa Polski - II liga"]
[Site "Sypniewo k. Jastrowia"]
[Date "1899-12-30"]
[Round "8.33"]
[White "Gola, Karol"]
[Black "Kujawski, Adam"]
[Result "0-1"]
[WhiteTitle "k"]
[BlackTitle "FM"]
[WhiteElo "2174"]
[BlackElo "2239"]

1. e4 e5 2. Nf3 Nc6 3. Nc3 Nf6 4. d4 Bb4 5. Nxe5 Nxe4 6. Qg4 Nxc3 7. Qxg7 Rf8 8.
a3 Nxd4 9. axb4 Nxc2+ 10. Kd2 Nxa1 11. Kxc3 Qe7 12. Bc4 d5 13. Bb5+ c6 14. Nxc6
bxc6 15. Bxc6+ Bd7 16. Bxa8 Qe4 17. Bxd5 Qxd5 18. Re1+ Be6 19. Bh6 Qc4+ 20. Kd2
Qxb4+ 21. Kd1 Qd6+ 22. Ke2 Nc2 23. Qxf8+ Qxf8 24. Bxf8 Nxe1 25. Bc5 Nxg2 26. Bxa7
Kd7 27. Kf3 Nh4+ 28. Kf4 f6 29. Bd4 Ng6+ 30. Ke3 f5 31. Bg7 Kc6 32. Kd4 Bb3 33.
Kc3 Be6 34. Kd4 Bd7 35. Bf6 Kd6 36. Bg7 Ke6 37. Bh6 Ne5 38. Bf4 Nc6+ 39. Kc5 Ne5
40. Kd4 Nf3+ 41. Kc4 Bc8 42. b4 Nh4 43. Kc5 Ng6 44. Bc7 f4 45. b5 Kf5 46. Kc6
Kg4 47. b6 Kh3 48. b7 Bxb7+ 49. Kxb7 Kxh2 50. Kc6 Kg2 51. Kd5 Kxf2 52. Ke4 f3
53. Kf5 Kg2 54. Bb6 f2 55. Bxf2 Kxf2 56. Kg5 Kf3 57. Kh6 Nf8 58. Kg5 Ke4 59. Kg4
Ke5 60. Kg5 Ke6 61. Kh5 Kf7 62. Kh6 Kf6 63. Kh5 Kg7 64. Kg5 Nd7 65. Kh5 Nf6+ 66.
Kg5 h5 67. Kh4 Kg6 68. Kg3 Kg5 69. Kh3 h4 70. Kh2 Kg4 71. Kg2 h3+ 72. Kh2 Kh4
0-1

[Event "Druzynowe Mistrzostwa Polski - II liga"]
[Site "Sypniewo k. Jastrowia"]
[Date "1899-12-30"]
[Round "8.34"]
[White "Robak, Zbigniew"]
[Black "Kalmuk, Krzysztof"]
[Result "1-0"]
[WhiteTitle "m"]
[BlackTitle "I++"]
[WhiteElo "2217"]
[BlackElo "1983"]

1. e4 c5 2. Nf3 e6 3. d4 cxd4 4. Nxd4 Nc6 5. Nc3 Qc7 6. g3 a6 7. Bg2 Nf6 8. O-O
Be7 9. Re1 d6 10. Nxc6 bxc6 11. e5 dxe5 12. Rxe5 Bb7 13. Bf4 Rd8 14. Rd5 Qc8 15.
Rxd8+ Qxd8 16. Qxd8+ Kxd8 17. Rd1+ Kc8 18. Na4 Nd7 19. c4 g5 20. Bd2 g4 21. Ba5
Rg8 22. Nb6+ Nxb6 23. Bxb6 c5 24. Bxb7+ Kxb7 25. Rd7+ Kxb6 26. Rxe7 Rf8 27. Kf1
a5 28. b3 a4 29. Ke2 axb3 30. axb3 Kc6 31. Ke3 h5 32. Kf4 Rb8 33. Rxf7 Rxb3 34.
Kg5 Rc3 35. Rf4 e5 36. Re4 Rc2 37. Kxh5 Rxf2 38. Rxe5 Rxh2+ 39. Kxg4 Rd2 40. Re6+
Kd7 41. Re4 Rf2 42. Kg5 Kd6 43. g4 Rf1 44. Kg6 Rd1 45. Kf5 Rf1+ 46. Rf4 Re1 47.
g5 Re8 48. g6 Rg8 49. Kf6 Rf8+ 50. Kg5 Rg8 51. Rf5 Kc6 52. Rf6+ Kd7 53. Kf5 Ke7
54. Rf7+ Kd6 55. g7 1-0

[Event "Druzynowe Mistrzostwa Polski - II liga"]
[Site "Sypniewo k. Jastrowia"]
[Date "1899-12-30"]
[Round "8.35"]
[White "Kukula, Karol"]
[Black "Kudelka, Janusz"]
[Result "0-1"]
[WhiteTitle "I+"]
[BlackTitle "I+"]
[WhiteElo "1821"]
[BlackElo "2061"]

1. e4 c5 2. Nf3 Nc6 3. Bb5 g6 4. O-O Bg7 5. c3 e5 6. d4 cxd4 7. cxd4 exd4 8. Bf4
a6 9. Bc4 d6 10. Qb3 Na5 11. Bxf7+ Ke7 12. Qd5 Nf6 13. Bxd6+ Qxd6 14. Qxa5 Kxf7
15. e5 Qd5 16. Qc7+ Nd7 17. Ng5+ Ke7 18. e6 Be5 19. Qc1 Nf6 20. Nf7 Re8 21. f4
Bb8 22. Re1 Bxe6 23. Ng5 Kd7 24. Nc3 Qf5 25. Na4 Bxf4 26. Nc5+ Kc6 27. Ncxe6+
Bxc1 0-1

[Event "Druzynowe Mistrzostwa Polski - II liga"]
[Site "Sypniewo k. Jastrowia"]
[Date "1899-12-30"]
[Round "8.36"]
[White "Kindler, Karolina"]
[Black "Bialek, Alicja"]
[Result "1-0"]
[WhiteTitle "I++"]
[BlackTitle "I"]
[WhiteElo "1805"]
[BlackElo "1367"]

1. d4 g6 2. Nf3 Bg7 3. c4 d6 4. Bf4 Nd7 5. Nc3 c5 6. e3 Ngf6 7. h3 b6 8. Be2 Bb7
9. O-O O-O 10. d5 Qb8 11. Qc2 e5 12. dxe6 fxe6 13. Rad1 e5 14. Bh2 Rd8 15. Rd2
Bf8 16. Ng5 Re8 17. Rfd1 Kg7 18. Bf3 Bxf3 19. Nxf3 a6 20. Ng5 b5 21. Nce4 h6 22.
Nxd6 Bxd6 23. Rxd6 hxg5 24. Rxd7+ Nxd7 25. Rxd7+ Kh6 26. h4 Rd8 27. hxg5+ Kxg5
28. Re7 Qd6 29. Rxe5+ Kf6 30. Rf5+ gxf5 31. Bxd6 Rxd6 32. cxb5 axb5 33. Qxc5 Rd1+
34. Kh2 Rxa2 35. Qf8+ Ke5 36. Qe7+ 1-0

[Event "Druzynowe Mistrzostwa Polski - II liga"]
[Site "Sypniewo k. Jastrowia"]
[Date "1899-12-30"]
[Round "8.37"]
[White "Laszewicz, Pawel"]
[Black "Mickiewicz, Piotr"]
[Result "0-1"]
[WhiteTitle "k"]
[BlackTitle "m"]
[WhiteElo "2108"]
[BlackElo "2308"]

1. e4 c5 2. Nf3 e6 3. d4 cxd4 4. Nxd4 Nf6 5. Nc3 d6 6. Be2 a6 7. g4 b5 8. g5 Nfd7
9. a3 Nb6 10. Be3 N8d7 11. Qd2 Bb7 12. O-O-O Rc8 13. Kb1 Ne5 14. Qe1 Nec4 15.
Bc1 Qc7 16. Bxc4 Nxc4 17. Rd3 Be7 18. Rg1 O-O 19. Qe2 g6 20. Rh3 Rfe8 21. Rg4
Bf8 22. Rgh4 Bg7 23. Qd3 Qc5 24. Nde2 d5 25. Rxh7 d4 26. Qg3 dxc3 27. Qh4 Qe5
28. f4 Nd2+ 29. Bxd2 cxd2 30. Nc3 Rxc3 31. fxe5 0-1

[Event "Druzynowe Mistrzostwa Polski - II liga"]
[Site "Sypniewo k. Jastrowia"]
[Date "1899-12-30"]
[Round "8.38"]
[White "Mazurkiewicz, Michal"]
[Black "Majocha, Piotr"]
[Result "1-0"]
[WhiteTitle "CM"]
[BlackTitle "I++"]
[WhiteElo "2193"]
[BlackElo "1980"]

1. e4 c5 2. Nf3 Nc6 3. g3 g6 4. Bg2 Bg7 5. O-O e6 6. d3 Nge7 7. Re1 d5 8. Nbd2
O-O 9. h4 h6 10. e5 b5 11. a4 Qb6 12. Nb3 bxa4 13. Rxa4 Qb5 14. Ra3 a5 15. d4
cxd4 16. Nbxd4 Qb8 17. Rb3 Bb7 18. Bf4 a4 19. Ra3 Bc8 20. Qc1 h5 21. Bh6 Nxd4
22. Nxd4 Bxh6 23. Qxh6 Qxb2 24. Qe3 Bd7 25. Bh3 Rac8 26. Rd3 Rc4 27. Red1 Nc6
28. Nf3 Kh7 29. Rxd5 exd5 30. Bxd7 Qxc2 31. Rd2 Qb3 32. Rd3 Qb1+ 33. Kg2 Qc1 34.
Rd2 Qc3 35. Rd3 Qc1 36. Rd2 d4 37. Qf4 Ne7 38. Qf6 Qa3 39. Ng5+ Kg8 40. e6 1-0

[Event "Druzynowe Mistrzostwa Polski - II liga"]
[Site "Sypniewo k. Jastrowia"]
[Date "1899-12-30"]
[Round "8.39"]
[White "Luba, Lukasz"]
[Black "Maciaga, Marcin"]
[Result "1/2-1/2"]
[WhiteTitle "k"]
[BlackTitle "k+"]
[WhiteElo "2143"]
[BlackElo "2116"]

1. d4 f5 2. Bg5 g6 3. h4 Bg7 4. e3 h6 5. Bf4 Nf6 6. Nc3 d6 7. Bc4 e6 8. Nf3 Nc6
9. Qe2 Qe7 10. O-O-O a6 11. Bb3 Na5 12. e4 Nxb3+ 13. axb3 fxe4 14. Nxe4 Nd5 15.
Bd2 O-O 16. Nc3 Qf7 17. Nxd5 exd5 18. Be3 Bg4 19. Qd2 Kh7 20. Rde1 Bxf3 21. gxf3
Qxf3 22. Rhg1 Rae8 23. Rg3 Qf5 24. Reg1 Re6 25. Kb1 b6 26. Qd1 Rf7 27. Rg4 Qf3
28. Qd3 Qf5 29. Qxa6 Re4 30. Rxg6 Rxh4 31. Qa8 c5 32. Qd8 Qxg6 33. Rxg6 Rh1+ 34.
Bc1 Kxg6 35. Qxd6+ Bf6 36. dxc5 bxc5 37. Qxd5 Rg1 38. f4 Re7 39. Qg8+ Bg7 40.
b4 cxb4 41. f5+ Kxf5 42. Qd5+ Kg6 43. Qd3+ Kf7 44. Qc4+ Kg6 45. Qd3+ Kf7 46. Qc4+
Kg6 47. Qd3+ 1/2-1/2

[Event "Druzynowe Mistrzostwa Polski - II liga"]
[Site "Sypniewo k. Jastrowia"]
[Date "1899-12-30"]
[Round "8.40"]
[White "Krasiewicz, Robert"]
[Black "Machlowski, Slawomir"]
[Result "1-0"]
[WhiteTitle "k+"]
[BlackTitle "I+"]
[WhiteElo "2050"]
[BlackElo "2063"]

1. c4 b6 2. d3 e6 3. e4 Bb7 4. Nc3 g6 5. h4 h6 6. g3 Bg7 7. Nge2 Nc6 8. Bg2 Nge7
9. Be3 Ne5 10. Nf4 N7c6 11. Qe2 h5 12. f3 Ba6 13. O-O-O Na5 14. Nh3 Qe7 15. Nf2
Nec6 16. Qd2 Nd4 17. Kb1 O-O-O 18. f4 Bb7 19. Nh3 Kb8 20. Qf2 Nac6 21. Rd2 Qb4
22. Rc1 Rhe8 23. Ng5 Qe7 24. e5 Nf5 25. d4 f6 26. Nge4 fxe5 27. fxe5 Nxe3 28.
Qxe3 Rf8 29. Ng5 Bh6 30. Nce4 Qg7 31. Nf6 Qe7 32. Bxc6 dxc6 33. c5 Ka8 34. b4
Kb8 35. Rc3 Ka8 36. a4 Rb8 37. Ka2 Rfd8 38. Qe4 Bxg5 39. hxg5 Qg7 40. a5 Rh8 41.
Ra3 a6 42. axb6 cxb6 43. b5 Ka7 44. bxc6 Ba8 45. Qd3 a5 46. Qb5 Bxc6 47. Qxc6
Rhc8 48. Qb5 Qc7 49. Rb2 Qc6 50. cxb6+ Kb7 51. Rxa5 Qxb5 52. Rbxb5 Ra8 53. Rxa8
Rxa8+ 54. Kb3 Ra1 55. Ne4 Kc6 56. Kb2 Re1 57. b7 1-0